-
20th-century American fiction
Entry Topical Term
Number of records used in: 1
001 - CONTROL NUMBER
003 - CONTROL NUMBER IDENTIFIER
005 - DATE AND TIME OF LATEST TRANSACTION
- control field:
20260408124016.0
008 - FIXED-LENGTH DATA ELEMENTS
- fixed length control field:
260408|| aca||aabn | a|a d
040 ## - CATALOGING SOURCE
- Original cataloging agency:
JRU
- Transcribing agency:
JRU
150 ## - HEADING--TOPICAL TERM
- Topical term or geographic name as entry element:
20th-century American fiction
670 ## - SOURCE DATA FOUND
- Source citation:
Work cat.: (JRU)4435: Gore Vidal 8949, Julian , 1962